[Event "7. LGA Premium Cup"]
[Site "Nürnberg"]
[Date "2010.09.02"]
[Round "1.94"]
[White "Homfeldt, Maren"]
[Black "Martin Fernandez, Rodrigo"]
[Result "0-1"]
[WhiteElo "785"]
[BlackElo "2169"]
[PlyCount "59"]
[EventDate "2010.09.02"]
[WhiteTeam "SC Noris-Tarrasch Nürnberg 1873"]
[BlackTeam "SC Erlangen 48/88"]

1. d4 c5 2. e3 e6 3. Bd2 Nf6 4. Nc3 d5 5. Bb5+ Bd7 6. Bxd7+ Nbxd7 7. Nce2 Bd6
8. Nf3 O-O 9. a3 b6 10. b4 Ne4 11. c3 Qf6 12. Qa4 Rfd8 13. Nf4 Bxf4 14. exf4
Nxd2 15. Nxd2 cxd4 16. cxd4 Qxd4 17. Rd1 Qxf4 18. O-O Ne5 19. f3 Rac8 20. g3
Qe3+ 21. Rf2 Nd3 22. Rdf1 Nxf2 23. Rxf2 h5 24. Qd1 Rc3 25. Nb1 Rc1 26. Qxc1
Qxc1+ 27. Rf1 Qe3+ 28. Rf2 Rc8 29. Nd2 Rc2 30. Ne4 0-1